Iniciación religiosa de los niños
Сохранить в:
| Главный автор: | |
|---|---|
| Формат: | |
| Язык: | испанский |
| Опубликовано: |
Buenos Aires
Difusion
1945
|
| Редактирование: | 1a. ed |
| Серии: | Colección Instrucción Religiosa, 29
|
| Предметы: | |
| Метки: |
Добавить метку
Нет меток, Требуется 1-ая метка записи!
|
MARC
| LEADER | 00000cam a2200000 a 4500 | ||
|---|---|---|---|
| 001 | UCE9652 | ||
| 003 | CL-VaPUC | ||
| 008 | 151029e19450000ag |||||||||||||||||spa|d | ||
| 082 | 0 | 4 | |a 268 |b DAU |2 21 |
| 100 | 0 | |a D'aubigny, Mlle |e author |9 582530 | |
| 245 | 1 | 0 | |a Iniciación religiosa de los niños |
| 250 | |a 1a. ed | ||
| 300 | |a 207 p | ||
| 942 | |c BK | ||
| 945 | |d 20151029 22:28:00 |a gsalatino | ||
| 260 | |a Buenos Aires |b Difusion |c 1945 | ||
| 650 | 0 | |a Catequesis |9 314526 | |
| 650 | 7 | |a DOCTRINA RELIGIOSA |2 CL-VaPUC |9 333854 | |
| 650 | 0 | |a Niños |9 255605 | |
| 583 | |a last modification |c 20151029 22:28:00 |k Rodrigo Vera | ||
| 490 | 0 | |a Colección Instrucción Religiosa, 29 | |
| 999 | |c 361297 |d 361295 | ||
| 952 | |0 0 |1 0 |3 erb |4 0 |6 268_000000000000000_DAU_1945 |7 0 |8 P |9 471729 |a BIBTEO |b BIBTES |c TEO_FTES |i 520772K |o 268 DAU 1945 |p 520772K |r 2024-01-18 |w 2019-11-24 |y BK |z Catalogado en:20151029 |k ICR | ||